The story of Scotland from the earliest times to the present century ... (Record no. 552769)
[ view plain ]
| 000 -LEADER | |
|---|---|
| fixed length control field | 00603cam a22001571 4500 |
| 082 ## - DEWEY DECIMAL CLASSIFICATION NUMBER | |
| Classification number | 941.1 |
| Author Mark | MAC |
| -- | D |
| 100 1# - MAIN ENTRY--PERSONAL NAME | |
| Personal name | Mackintosh, John, |
| 9 (RLIN) | 50037 |
| 245 04 - TITLE STATEMENT | |
| Title | The story of Scotland from the earliest times to the present century ... |
| Statement of responsibility, etc. | by John Mackintosh ... |
| 260 ## - PUBLICATION, DISTRIBUTION, ETC. | |
| Place of publication, distribution, etc. | New York, |
| Name of publisher, distributor, etc. | G. P. Putnam's Sons; |
| Place of publication, distribution, etc. | London, |
| Name of publisher, distributor, etc. | T. F. Unwin, |
| Date of publication, distribution, etc. | 1890. |
| 300 ## - PHYSICAL DESCRIPTION | |
| Extent | 1 p. l., [vii]-xxi, 336 p. |
| Other physical details | front., illus., port., fold. map. |
| Dimensions | 20 cm. |
| 490 0# - SERIES STATEMENT | |
| Series statement | Story of the nations |
| 526 ## - STUDY PROGRAM INFORMATION NOTE | |
| Program name | 0 |
| Interest level | 0 |
| Reading level | 0 |
| Title point value | 941_100000000000000_MAC |
| 650 ## - SUBJECT ADDED ENTRY--TOPICAL TERM | |
| Topical term or geographic name entry element | MCE |
| 9 (RLIN) | 379 |
| 856 41 - ELECTRONIC LOCATION AND ACCESS | |
| Uniform Resource Identifier | <a href="http://hdl.loc.gov/loc.gdc/scd0001.00213560359">http://hdl.loc.gov/loc.gdc/scd0001.00213560359</a> |
| 942 ## - ADDED ENTRY ELEMENTS (KOHA) | |
| Source of classification or shelving scheme | |
| Koha item type | Book |
| Withdrawn status | Lost status | Source of classification or shelving scheme | Damaged status | Not for loan | Permanent Location | Current Location | Shelving location | Date acquired | Total Checkouts | Full call number | Barcode | Date last seen | Price effective from | Koha item type |
|---|---|---|---|---|---|---|---|---|---|---|---|---|---|---|
| Military College of Engineering (MCE) | Military College of Engineering (MCE) | 01/22/2015 | 941.1 MAC | MCE-ECS/27 | 01/22/2015 | 01/22/2015 | Book |
